Sports Quiz

Random Sports or NHL Quiz

Minnesota Wild most points/wins by jersey number Quiz Stats

 Plays Quiz not verified by Sporcle

Support Sporcle.
Go Orange.
Score 0/67 Timer 10:00
0 Plays Today
Jersey number Player % Correct
20Ryan Suter
96.6%
9Mikko Koivu
94.8%
11Zach Parise
94.8%
10Marian Gaborik
93.1%
82Marian Gaborik
93.1%
40Devan Dubnyk
91.4%
24Mathew Dumba
87.9%
25Jonas Brodin
86.2%
46Jared Spurgeon
84.5%
64Mikael Granlund
84.5%
12Eric Staal
83.3%
16Jason Zucker
82.8%
32Niklas Backstrom
79.3%
3Charlie Coyle
74.1%
22Nino Niederreiter
72.4%
15Andrew Brunette
72.4%
96Pierre-Marc Bouchard
70.7%
8Brent Burns
69%
29Jason Pominville
67.2%
35Manny Fernandez
67.2%
30Dwayne Roloson
63.8%
37Wes Walz
56.9%
26Thomas Vanek
55.2%
56Erik Haula
51.7%
38Pavol Demitra
50%
6Marco Scandella
48.3%
7Matt Cullen
44.8%
55Nick Schultz
43.1%
36Mats Zuccarello
41.7%
49Victor Rask
41.7%
17Filip Kuba
36.2%
28Todd White
34.5%
21Kyle Brodziak
32.8%
5Kim Johnsson
29.3%
Jersey number Player % Correct
60Jose Theodore
29.3%
48Guillaume Latendresse
27.6%
63Tyler Ennis
27.6%
2Willie Mitchell
25.9%
59Zack Mitchell
25.9%
39Nate Prosser
24.1%
33Sergei Zholtok
22.4%
4Clayton Stoner
20.7%
67Benoit Pouliot
20.7%
14Justin Fontaine
19%
19Stephane Veilleux
17.2%
18Richard Park
17.2%
45Cam Barker
17.2%
53Alex Tuch
17.2%
77Lubomir Sekeras
15.5%
31Matt Hackett
13.8%
34Jim Dowd
12.1%
47Marc-Andre Bergeron
12.1%
51James Sheppard
12.1%
41Martin Skoula
10.3%
92Branko Radivojevic
8.6%
61Brennan Menell
8.3%
27Sean O'Donnell
6.9%
42Andy Sutton
6.9%
23Jason Marshall
5.2%
44Aaron Gavey
5.2%
65Tyler Cuma
5.2%
72Kris Foucault
5.2%
71Sebastien Bordeleau
5.2%
79Jarod Palmer
5.2%
43Warren Peters
3.4%
54Brett Bulmer
3.4%
83Matt Foy
3.4%

You're not logged in!

Compare scores with friends on all Sporcle quizzes.
OR
Log In

From the Vault

Songs & Movies with the Same Title

by Derek

Apparently there are only so many titles to go around out there, so it is important to recycle some of the more usable ones.
Remove Ads.
Support Sporcle.
Get the best of Sporcle when you Go Orange. This ad-free experience offers more features, more stats, and more fun while also helping to support Sporcle. Thank you for becoming a member.

Show Comments

Extras

Top Quizzes Today


Score Distribution

Your Account Isn't Verified!

In order to create a playlist on Sporcle, you need to verify the email address you used during registration. Go to your Sporcle Settings to finish the process.

Report this User

Report this user for behavior that violates our Community Guidelines.

Details: